Cobden club essays, second series, 1871-2 / (Record no. 44982)

MARC details
000 -LEADER
campo de control de longitud fija 01191nam a2200205 i 4500
001 - NÚMERO DE CONTROL
campo de control 44982
003 - IDENTIFICADOR DE NÚMERO DE CONTROL
campo de control ES-MaACL
005 - FECHA Y HORA DE LA ÚLTIMA TRANSACCIÓN
campo de control 20250901102123.0
007 - CAMPO FIJO DE DESCRIPCIÓN FÍSICA--INFORMACIÓN GENERAL
campo de control de longitud fija t|
008 - DATOS DE LONGITUD FIJA--INFORMACIÓN GENERAL
campo de control de longitud fija 030324s1872 sp ||||1| spa d
110 2# - ENTRADA PRINCIPAL--NOMBRE DE ENTIDAD CORPORATIVA
Nombre de entidad corporativa o nombre de jurisdicción como elemento de entrada Cobden Club (London, England)
9 (RLIN) 2870
245 10 - MENCIÓN DEL TÍTULO
Título Cobden club essays, second series, 1871-2 /
Mención de responsabilidad, etc. Cobden Club.
260 ## - PUBLICACIÓN, DISTRIBUCIÓN, ETC.
Lugar de publicación, distribución, etc. London :
Nombre del editor, distribuidor, etc. Cassell Petter Galpin & Co.,
Fecha de publicación, distribución, etc. 1872.
300 ## - DESCRIPCIÓN FÍSICA
Extensión 552 p. ;
Dimensiones 23 cm.
505 8# - NOTA DE CONTENIDO CON FORMATO
Nota de contenido con formato Contiene: On the causes of war, by E. de Laveleye.--The law and custom of primo-geniture, by G. C. Brodrick.--The present aspect of the land question, by W. Fowler.--Financial reform, by T. E. C. Leslie.--A new commercial treaty between Great Britain and Germany, by J. Faucher.--The English coinage question, by J. P. Smith.--Trade-unions and the relations of capital and labour, by Joseph Gostick.--The colonial question, by J. E. T. Rogers.--The recent financial, industrial and commercial experiences of the United States, by D. A. Wells.--Appendix: Commercial policy of France, and the treaty with England of 1860
650 07 - PUNTO DE ACCESO ADICIONAL DE MATERIA--TÉRMINO DE MATERIA
Término de materia o nombre geográfico como elemento de entrada Economía
Fuente del encabezamiento o término embne
9 (RLIN) 12006
650 07 - PUNTO DE ACCESO ADICIONAL DE MATERIA--TÉRMINO DE MATERIA
Término de materia o nombre geográfico como elemento de entrada Comercio
Fuente del encabezamiento o término embne
9 (RLIN) 11157
852 ## - LOCALIZACIÓN
Ubicación ES-MaACL
Número de control de estantería C-2641
Holdings
Estatus retirado Estado de pérdida Estado de daño No para préstamo Colección Biblioteca de origen Biblioteca actual Ubicación en estantería Fecha de adquisición Fuente de adquisición Total de préstamos Signatura topográfica completa Código de barras Visto por última vez Precio de reemplazo Tipo de ítem Koha
        Libros del s. XIX Biblioteca del Ateneo de Madrid Biblioteca del Ateneo de Madrid Sala Palomar 17/01/2008     C-2641 1047339 23/02/2023 23/02/2023 Libro impreso antiguo